000 00334 a2200157 4500
001 56990
020 _a8532903193
040 _cAnchieta - Pituba
100 _aJosé, Elias
240 1 0 _aNoites de lua cheia
_lpor
245 1 0 _aNoites de lua cheia
300 _a55
362 0 _a1998
650 4 _aLiteratura juvenil
942 _cBK
999 _c56990
_d56990